• 首页
  • 本馆介绍
  • 公告通知
  • 最新文献
  • 馆藏检索
  • 电子资源
  • 读者导购
  • 参考咨询
  • 我的图书馆
  • 登录
  • 详细信息显示
  • 放入我的书架
  • 预约/预借图书
  • 作者相关作品
  • 分类相关作品
  • 丛书相关作品
  • 出版社相关作品

书目信息

  • 表格格式
  • 工作单格式
  • 卡片格式
题名:
水资源计算与管理
    
 
作者: 许武成 主编
分册:  
出版信息: 北京   科学出版社  2011.01
页数: 307页
开本: 26cm
丛书名:
单 册:
中图分类: TV214 , TV213.4
科图分类:
主题词: 水利计算--高等学校--教材 , 水资源管理--高等学校--教材 , 水利计算 , 水资源管理
电子资源:
ISBN: 978-7-03-029828-7
000 00974nam0 2200289 450
001 004790916
005 20130701094720.00
010    @a978-7-03-029828-7@dCNY32.00
100    @a20110312d2011 em y0chiy50 ea
101 0  @achi
102    @aCN@b110000
105    @aak z 000yy
106    @ar
200 1  @a水资源计算与管理@9shui zi yuan ji suan yu guan li@f许武成主编
210    @a北京@c科学出版社@d2011.01
215    @a307页@c图@d26cm
300    @a普通高等教育“十二五”规划教材 全国高等院校资源环境类规划教材
330    @a本书系统介绍水资源计算与管理的基本理论和基本方法,主要包括水资源形成及转化关系、水文统计方法、水资源区划、水资源量的计算、水资源质量评价等内容。
606 0  @a水利计算@x高等学校@j教材
606 0  @a水资源管理@x高等学校@j教材
606 0  @a水利计算
606 0  @a水资源管理
690    @aTV214@v4
690    @aTV213.4@v4
701  0 @a许武成@9xu wu cheng@f(1966-)@4主编
801  0 @aCN@bNLC@c20110312
905    @b546117-21@dTV214@e60@f5
    
    水资源计算与管理/许武成主编.-北京:科学出版社,2011.01
    307页:图;26cm
    普通高等教育“十二五”规划教材 全国高等院校资源环境类规划教材
    
    ISBN 978-7-03-029828-7:CNY32.00
    本书系统介绍水资源计算与管理的基本理论和基本方法,主要包括水资源形成及转化关系、水文统计方法、水资源区划、水资源量的计算、水资源质量评价等内容。
●
相关链接 在E读中查询图书 在五车中查询图书 在当当中查询图书 在豆瓣中查询图书


正题名:水资源计算与管理     索取号:TV214/60         预约/预借

序号 登录号 条形码 馆藏地/架位号 状态 备注
1 546117   205461178   第二样本阅览室/ [索取号:TV214/60] 在馆    
2 546118   205461187   密集书库-资源管理系/ [索取号:TV214/60] 在馆    
3 546119   205461196   第三借阅区/ [索取号:TV214/60] 在馆    
4 546120   205461203   第三借阅区/ [索取号:TV214/60] 在馆    
5 546121   205461212   第三借阅区/ [索取号:TV214/60] 在馆    
唐山师范学院图书馆 欢迎您!
大连网信软件有限公司© 版权所有